000 00927nas a2200313 4500
001 BR2014007721
003 BR-BrBNA
005 20231205124753.0
007 ta
008 230509b bl.|||p| |||| 00| 00por d
040 _aBR-BrBNA
_bpor
_cBiblioteca Nacional de Agricultura
041 _a(Pt)
072 _aL73
100 1 _aCastro, B.G.
100 1 _aSouza, M.M.S. de
100 1 _aBittencourt, A.J.
245 1 _aPrevalência e etiologia da mastite subclínica na região sul fluminense
650 _aGADO LEITEIRO
650 _aVACA
650 _aMAMITE
650 _aEPIDEMIOLOGIA
650 _aETIOLOGIA
650 _aBACTÉRIA
650 _aDOENÇA ANIMAL
650 _aANTIBIÓTICO
773 0 _tRevista Acadêmica. Ciências Agrárias e Ambientais (Brazil)
_xISSN 0103-989X
_g(Jul-Sep 2012), V. 10(3) p. 263-268
_wBR2014007721
909 _a202311
_bLúcia
_c55
_dLúcia Elande
942 _2AGRIS
_n0
_cANA
999 _c240806
_d240806